Public works of Great Britain (Record no. 114127)

MARC details
000 -LEADER
fixed length control field 01090cam a22001815a 4500
001 - CONTROL NUMBER
control field L156246
008 - FIXED-LENGTH DATA ELEMENTS--GENERAL INFORMATION
fixed length control field 120509s1838 xxk f 000 0 eng d
035 ## - SYSTEM CONTROL NUMBER
System control number (Sirsi) u156246
041 0# - LANGUAGE CODE
Language code of text/sound track or separate title eng
245 00 - TITLE STATEMENT
Title Public works of Great Britain
Remainder of title consisting of railways, rails, chairs, blocks, cuttings, embankments, tunnels, oblique arches, viaducts, bridges, stations, locomotive engines, &c., cast iron bridges, iron and gas works, canals, lock gates, centering, masonry and brick work for canal tunnels, canal boats, the London and Liverpool docks, plans and dimensions, dock gates, walls, quays and their masonry, mooring chains, plan of the harbour and port of London, and other important engineering works, with descriptions and specifications ...
260 ## - PUBLICATION, DISTRIBUTION, ETC.
Place of publication, distribution, etc. London
Name of publisher, distributor, etc. John Weale
Date of publication, distribution, etc. 1838
300 ## - PHYSICAL DESCRIPTION
Extent xii, 72, 32, 24, 70 p.
Other physical details ill., 153 (i.e. 152) plates (incl. plans)
Dimensions 56 x 39.5 cm.
583 0# - ACTION NOTE
Action Condition reviewed
Time/date of action 20120620
Status condition level 2
651 #4 - SUBJECT ADDED ENTRY--GEOGRAPHIC NAME
Geographic name Great Britain
Chronological subdivision 1707-
690 ## - LOCAL SUBJECT ADDED ENTRY--TOPICAL TERM (OCLC, RLIN)
Topical term or geographic name as entry element Infrastructure
9 (RLIN) 6246
700 1# - ADDED ENTRY--PERSONAL NAME
Personal name Simms, Frederick Walter
Dates associated with a name 1803-1865
Relator term Editor
942 ## - ADDED ENTRY ELEMENTS (KOHA)
Suppress in OPAC 0
Holdings
Withdrawn status Lost status Source of classification or shelving scheme Damaged status Not for loan Home library Current library Shelving location Date acquired Total Checkouts Full call number Barcode Date last seen Copy number Price effective from Koha item type
    Dewey Decimal Classification     Historic collection Historic collection Historic collection 09/05/2012   FOLIO 1838 SIMMS 30077601 06/08/2019 1 06/08/2019 Book